Jatočná kvalita a nutritívna hodnota rôznych kombinácií moriek

Bibliographic Details
Main Authors: Mišíková, E. (Author), Hlasný, Andrej (Author)
Format: Article
Language:Slovak
PhysicalDescription:Tb. 10. Res. angl., rus., lit. 10 zázn. v slov., angl.
Subjects:

MARC

LEADER 00000nab a2200000 a 4500
001 vtls000445790
003 SK-MaSNL
005 20260303000132.0
008 160204c1991 xo 0 slo
015 |a SNBRA19rr/mm-uuuuu 
035 |a CL0445920 
040 |a SNKBUCL  |b slo  |c SNKBUCL  |e AACR2 
041 0 |a slo 
044 |a xo  |c SK 
080 |a 636.592.033  |2 1981 
100 1 |a Mišíková, E.  |4 aut  |9 960881 
245 1 0 |a Jatočná kvalita a nutritívna hodnota rôznych kombinácií moriek  |c E. Mišíková, A. Hlasný 
300 |b Tb. 10. Res. angl., rus., lit. 10 zázn. v slov., angl. 
650 0 7 |a morky  |2 snkbucl  |9 19146 
650 0 7 |a mäso  |2 snkbucl  |9 18169 
655 7 |a články zo zborníkov  |2 snkbucl  |9 166140 
700 1 |a Hlasný, Andrej  |4 aut  |9 449099 
773 0 |t Hydinárstvo 26  |d Bratislava : Príroda, 1991  |g S. 69-84 
850 |a Slovenská národná knižnica v Martine  |a MTA001 
852 |a SNK  |b KIS3GCP 
958 |a NB 
958 |a RK 
992 |a RZB 
999 |c 1557430  |d 1559360